000 00591nam a22002177a 4500
003 UA-OsUOA
001 75146
007 ta
008 20110505b un ||||| |||| 00| 0 ukr d
100 _aНаєнко М.
090 _a82
_bН17
942 _cSA
040 _aUA-OsUOA
_bukr
_cUA-OsUOA
_dUA-OsUOA
245 _aЛокус Гоголя в "Записках українського самашедшего"
300 _aС.6-7
955 _a0
041 _aukr
080 _a82
773 0 _w75145
650 7 _a82 Література. Літературознавство
_2UDC
999 _c361442
_d361442